00198nam a2200085Ia 4500100001700000654001400017245003700031260003200068546001200100 aYariv Annon  amechanism aTheory of Mechanisms & machines bJohn WileyaNew Yorkc1982 aENGLISH